000 00331nam a2200109Ia 4500
008 171205s9999 xx 000 0 und d
020 _a9781506338019
100 _aZwiers, Jeff.
245 _cJeff Zwiers, Ivannia Soto
_aAcademic Language Mastery: Conversational Discourse in Context
260 _bCorwin
_c2017
300 _a106 pages
999 _c347426
_d347426